000 00809nam a22002297a 4500
999 _c7825
_d7825
001 7825
003 BD-JhCC
005 20181003170713.0
008 180214b1976 bg ||||| |||| 00| 0 ben d
035 _a(BD-JhCC)7825
040 _aBD-JhCC
_dBD-JhCC
041 _aben
082 _a581
_bMIA 1976
100 _aমিঞা, মো: আব্দুল মমিন
245 _aউচ্চ মাধ্যমিক উদ্ভিদবিজ্ঞান /
_c মো: আব্দুল মমিন মিঞা এবং আমজাদ আলী খান
260 _aঢাকা :
_bআইডিয়াল লাইব্রেরি,
_c১৯৭৬
300 _a697 p. :
_c22 cm.
650 _aBotany
700 _aখান, আমজাদ আলী
942 _2ddc
_cBK